|
|
|
|
| LEADER |
00805cam a2200229 a 4500 |
| 001 |
0000062659 |
| 005 |
20080228090000.0 |
| 040 |
|
|
|a mod
|
| 041 |
|
|
|a eng
|
| 020 |
0 |
0 |
|a 9830993590
|
| 090 |
0 |
0 |
|a 615
|b AMA
|e 2001
|
| 245 |
0 |
0 |
|a Amalan penjagaan kesihatan dan merawat penyakit 2
|c susunan Amina Hj. Noor
|
| 260 |
0 |
0 |
|a Kuala Lumpur
|b Al-Hidayah
|c 2001
|
| 300 |
0 |
0 |
|a xi, 192 p.
|b ill
|c 21cm
|
| 440 |
0 |
0 |
|a Siri kesihatan keluarga
|
| 650 |
0 |
0 |
|a Health
|x Religious aspects
|
| 650 |
0 |
0 |
|a Folk medicine
|
| 650 |
0 |
0 |
|a Diseases
|
| 700 |
1 |
1 |
|a Amina Hj. Noor
|
| 999 |
|
|
|a 0201258
|b PUSWATAN
|d BOOKS
|e Umum
|f PUSWATAN
|j AVAILABLE
|q GOOD CONDITION
|
| 999 |
|
|
|a 0201259
|b PUSWATAN
|d BOOKS
|e Umum
|f PUSWATAN
|j AVAILABLE
|q GOOD CONDITION
|
| 999 |
|
|
|a 0258465
|b 4 Rejimen Kor Polis Tentera Diraja
|d BOOKS
|e Umum
|f Other Branches
|j AVAILABLE
|q GOOD CONDITION
|